Normal view
MARC view
- Supervised by Dr. Imran Touqir
Entry Personal Name
001 - CONTROL NUMBER
- control field: 132440
003 - CONTROL NUMBER IDENTIFIER
- control field: NUST
005 - DATE AND TIME OF LATEST TRANSACTION
- control field: 20251218133335.0
008 - FIXED-LENGTH DATA ELEMENTS
- fixed length control field: 251218|| aca||aabn | a|a d
040 ## - CATALOGING SOURCE
- Original cataloging agency: NUST
- Transcribing agency: NUST
100 ## - HEADING--PERSONAL NAME
- Personal name: Supervised by Dr. Imran Touqir
670 ## - SOURCE DATA FOUND
- Source citation: Work cat.: (NUST)217222: Saleem, SGT Saad. (TE-48) 132439, Fire Fighter Robot /, 25-06-2015
